• 首页
  • 本馆介绍
  • 公告通知
  • 最新文献
  • 馆藏检索
  • 电子资源
  • 读者导购
  • 参考咨询
  • 我的图书馆
  • 登录
  • 详细信息显示
  • 放入我的书架
  • 预约/预借图书
  • 作者相关作品
  • 分类相关作品
  • 丛书相关作品
  • 出版社相关作品

书目信息

  • 表格格式
  • 工作单格式
  • 卡片格式
题名:
健康老年 幸福人生
    
 
作者: 李小鹰 主编
分册:  
出版信息: 北京   中华医学电子音像出版社  2022
页数: 270页
开本: 21cm
丛书名:
单 册:
中图分类: R161.7-62 , R161.7
科图分类:
主题词: 老年人--保健--手册
电子资源:
ISBN: 978-7-83005-348-2
000 01065nam0 2200253 450
001 2331353130
005 20231105084246.26
010    @a978-7-83005-348-2@dCNY70.00
100    @a20220927d2022 em y0chiy50 ea
101 0  @achi
102    @aCN@b110000
105    @aa z 000yy
200 1  @a健康老年 幸福人生@Ajian kang lao nian xing fu ren sheng@e老年自我保健手册@f李小鹰主编
210    @a北京@c中华医学电子音像出版社@d2022
215    @a270页@c图@d21cm
300    @a中华医学健康科普工程
330    @a本书是中华医学健康科普工程系列丛书之一,由老年医学领域的多位权威专家编写而成,汇集了老年人最为关注的日常保健、健康体检、健康防病、安全用药等常识,以及与老年疾病相关的自我护理技术,以问题形式为老年人提供与自身健康相关的科学、权威、通俗易懂的解答,旨在普及老年人自我保健相关知识,帮助老年人全面提高身心健康水平。
517 1  @a老年自我保健手册@Alao nian zi wo bao jian shou ce
606 0  @a老年人@x保健@j手册
690    @aR161.7-62@v5
690    @aR161.7@v4
701  0 @a李小鹰@Ali xiao ying@4主编
801  0 @aCN@b91MARC@c20221115
905    @aZUCC@dR161.7@e77
    
    健康老年 幸福人生:老年自我保健手册/李小鹰主编.-北京:中华医学电子音像出版社,2022
    270页:图;21cm
    中华医学健康科普工程
    
    ISBN 978-7-83005-348-2:CNY70.00
    本书是中华医学健康科普工程系列丛书之一,由老年医学领域的多位权威专家编写而成,汇集了老年人最为关注的日常保健、健康体检、健康防病、安全用药等常识,以及与老年疾病相关的自我护理技术,以问题形式为老年人提供与自身健康相关的科学、权威、通俗易懂的解答,旨在普及老年人自我保健相关知识,帮助老年人全面提高身心健康水平。
●
相关链接 在五车中查询图书 在当当中查询图书 在豆瓣中查询图书


正题名:健康老年 幸福人生     索取号:R161.7/77         预约/预借

序号 登录号 条形码 馆藏地/架位号 状态 备注
1 2001039513   2001039513   悦读、辽宁混合/悦读天下/辽批202/ [索取号:R161.7/77] 在馆    
2 2001039514   2001039514   悦读、辽宁混合/悦读天下/辽批202/ [索取号:R161.7/77] 在馆    
3 2001039515   2001039515   悦读、辽宁混合/悦读天下/辽批202/ [索取号:R161.7/77] 在馆    
4 2001039516   2001039516   悦读、辽宁混合/悦读天下/辽批202/ [索取号:R161.7/77] 在馆    
5 2001039517   2001039517   悦读、辽宁混合/悦读天下/辽批202/ [索取号:R161.7/77] 在馆    
6 2001039518   2001039518   悦读、辽宁混合/悦读天下/辽批202/ [索取号:R161.7/77] 在馆    
山东省滨州职业学院图书馆 欢迎您!
大连网信软件有限公司© 版权所有